Daily Capital City Riddle #24 - Statistics

General Stats
  • This quiz has been taken 63 times
  • The average score is 31 of 33
Answer Stats
Type Answer % Correct
Correctly Placed Letter A
100%
Found Letter A
100%
Alphabet Letter B
100%
Alphabet Letter L
100%
Alphabet Letter N
100%
Alphabet Letter T
100%
Alphabet Letter E
98%
Alphabet Letter G
98%
Found Letter I
98%
Found Letter M
98%
Alphabet Letter O
98%
Found Letter R
98%
Alphabet Letter S
98%
Alphabet Letter U
98%
Alphabet Letter P
96%
Alphabet Letter C
94%
Alphabet Letter W
94%
Found Letter D
93%
Alphabet Letter H
93%
Correctly Placed Letter I
91%
Alphabet Letter J
91%
Alphabet Letter K
91%
Correctly Placed Letter M
91%
Alphabet Letter Y
91%
Alphabet Letter V
89%
Correctly Placed Letter R
87%
Alphabet Letter Z
87%
Alphabet Letter F
85%
Alphabet Letter Q
85%
Alphabet Letter X
83%
Correctly Placed Letter D
81%
Correctly Placed Letter D
80%
Mystery Capital Madrid
80%
No matching quizzes found
Score Distribution
Percent of People with Each Score
Percentile by Number Answered
Your Score History
You have not taken this quiz